Islam in the world today : (Record no. 96490)

MARC details
000 -LEADER
fixed length control field 02590nam a22002777a 4500
005 - DATE AND TIME OF LATEST TRANSACTION
control field 20150915120121.0
010 ## - LCCN (DPL NO)
LC control number ENG-113912
020 ## - INTERNATIONAL STANDARD BOOK NUMBER
International Standard Book Number 9788121512398
Terms of availability 1795.00
035 ## - SYSTEM CONTROL NUMBER
System control number EN-97444
037 ## - SOURCE OF ACQUISITION
Source of stock number/acquisition DBAD/PUB
082 ## - DEWEY DECIMAL CLASSIFICATION NUMBER
Classification number 270
245 ## - TITLE STATEMENT
Title Islam in the world today :
Statement of responsibility, etc edited by Werner Ende [and] Udo Steinbach
Remainder of title a handbook of politics, religion, culture, and society /
260 ## - PUBLICATION, DISTRIBUTION, ETC. (IMPRINT)
Place of publication, distribution, etc New Delhi
Name of publisher, distributor, etc Munshiram Manoharlal Publishers
Date of publication, distribution, etc 2012
270 ## - ADDRESS
Address PO Box 5715, 54 Rani Jhansi Road,
City New Delhi
Postal code 110055
300 ## - PHYSICAL DESCRIPTION
Extent xviii,1114p. :
Dimensions 24cm(Hb)
Other physical details ill.
500 ## - GENERAL NOTE
General note Includes bibliographical references and indexes.
505 ## - FORMATTED CONTENTS NOTE
Formatted contents note World of Islam: a brief historical survey / Heribert Busse -- Sunni Islam / Bernd Radtke -- Shi’i Islam / Werner Ende -- Revivalist movements in Islam from the eighteenth to the twentieth century and the role of Islam in modern history: anticolonialism and nationalism / Rudolph Peters -- Distribution of Muslims throughout the world: figures and information on the present situation / Peter Heine and Riem Spielhaus -- Intra-Islamic discussion on a modern economic and social system / Johannes Reissner -- Islamic economics in practice: interest-free financial management / Volker Nienhaus -- Developments in law / Hans-Georg Ebert -- Status of Islam and Islamic law in selected countries -- Islamic Diaspora: Europe and America -- Discussion within Islam on secularism, democracy, and human rights / Alexander Flores -- Situation of women in Islamic countries / Wiebke Walther -- Islamist groups and movements / Guid Steinberg and Jan-Peter Hartung -- Mystical brotherhoods and popular Islam / Frederick De Jong -- Sects and social groups / Werner Schmucker -- Islam and non-Islamic minorities / Johanna Pink -- International Islamic organizations / Johannes Reissner -- "Orientalistics" and Orientalism / Reinhard Schulze -- Islam and cultural self-assertion / Rotraud Wielandt -- Islam and local traditions / Olaf Schumanm and Lode Frank Brakel -- Is there an Islamic linguistic sphere? / Otto Jastrow -- Islam reflected in the contemporary literature of Muslim peoples / Johann Cristoph Bürgell -- Contemporary painting and graphic art in the Islamic world / Peter Heine -- Contemporary "Islamic" architecture and representational art / Mohamed Scharabi
650 ## - SUBJECT ADDED ENTRY--TOPICAL TERM
Topical term or geographic name as entry element Islam
Chronological subdivision 20th century.
650 ## - SUBJECT ADDED ENTRY--TOPICAL TERM
Topical term or geographic name as entry element Islam
Chronological subdivision 21st century.
650 ## - SUBJECT ADDED ENTRY--TOPICAL TERM
Topical term or geographic name as entry element Islam
General subdivision History.
650 ## - SUBJECT ADDED ENTRY--TOPICAL TERM
Topical term or geographic name as entry element Islam and state.
650 ## - SUBJECT ADDED ENTRY--TOPICAL TERM
Topical term or geographic name as entry element Islamic civilization.
700 ## - ADDED ENTRY--PERSONAL NAME
Personal name Ende, Werner
700 ## - ADDED ENTRY--PERSONAL NAME
Personal name Steinbach, Udo
942 ## - ADDED ENTRY ELEMENTS (KOHA)
Source of classification or shelving scheme Dewey Decimal Classification
Item type English Books
Call number suffix ISL
Classification part 270
Holdings
Withdrawn status Lost status Not for loan Collection code Home library Current library Date acquired Source of acquisition Cost, normal purchase price Full call number Barcode Copy number Cost, replacement price Koha item type
    Not For Loan Non-fiction D.B.Act.Division D.B.Act.Division 26/08/2015 DBAD/Pub. 1795.00 270 ISL EN-97444 1 1795.00 English Books

© Delhi Public Library
Hit Counter
free hit counter